000 00363pab a2200145 454500
008 180718b1983 xxu||||| |||| 00| 0 eng d
100 _aHare, Paul G.
245 _aThe beginnings of institutional reform in Hungary
260 _c1983
300 _a313-30
362 _aJuly
650 _aHungary - Economic Policy
773 _aSoviet Studies
909 _a10049
999 _c10049
_d10049